000 00385 a2200169 4500
001 71389
020 _a8508073275
040 _cAnchieta - Colégio São Paulo
100 _aChamlian, Regina
240 1 0 _aO papo da Cabra-Cabriola
_lpor
245 1 0 _aO papo da Cabra-Cabriola
300 _a40
362 0 _a1999
440 1 _aÁtica
650 4 _aLiteratura infantil
942 _cBK
999 _c71389
_d71389